00278 a2200121 4500001000700000020002200007040003500029100001300064240002800077245002300105362000900128440001900137157546 a978-85-209-1992-7 cEscola São Tomás de Aquino aChen, Da10aA montanha e o riolpor10aA montanha e o rio0 a2007 1aNova Fronteira